| 000 | 00672cam a2200205 a 4500 | ||
|---|---|---|---|
| 999 |
_c58279 _d58279 |
||
| 001 | 15207141 | ||
| 005 | 20211020132155.0 | ||
| 008 | 080305s2007 caua b 001 0 eng d | ||
| 020 | _a9781403144867 | ||
| 041 | _aeng | ||
| 080 | _a159:299.93 H-88 | ||
| 100 | 1 |
_aHubbard, L. Ron _q _d _912698 |
|
| 245 | 1 | 0 |
_aDianetics, the original thesis / _cL. Ron Hubbard. |
| 264 |
_aLos Angeles : _bBridge Publications, _c2007. |
||
| 300 |
_a 293 p. : _bill. ; _c25 cm. |
||
| 440 |
_aA Dianetics Publication _912672 |
||
| 653 | _aDianetics, the original thesis | ||
| 653 | _aდიანეტიკა, ორიგინალური ნაშრომი | ||
| 942 |
_2udc _cBK |
||